000 00608cam a22002052 4500
001 0000000280
005 20151021151044.0
008 070119s xx 000 0 eng d
020 _a0074637134 :
_cKES 2,800
040 _aKABU
_cKABU
050 0 _aQA76.76
_b.C69L49
100 1 _aLeon, Alexis.
_@0000148382
245 1 0 _aERP demystified /
_cAlexis Leon.
260 _aNew Delhi :
_bTata McGraw-Hill,
_c2000.
300 _axiii, 485 p.
650 0 _aSoftware configuration management.
_@0000148383
908 _a070119
950 _@1
999 _c140
_d140